000 00292nam a22001337a 4500
008 170331b xxu||||| |||| 00| 0 eng d
020 _a9780721681917
041 _aeng
080 _a617
100 _a8
101 _aSHM
245 _aREVIEW OF ORTHOPAEDIC TRAUMA
_cBRINKER
942 _2udc
_cBK
999 _c9298
_d9298